[Event "Winter Tournament 2016/17 1500-2400"]
[Site "SchemingMind.com"]
[Date "2016.11.28"]
[Round "-"]
[White "fanfan_la_Tulipe"]
[Black "Janusz Szopa"]
[Result "0-1"]
[WhiteCountry "AUT"]
[BlackCountry "POL"]
[WhiteElo "2089"]
[WhiteRD "76"]
[BlackElo "2021"]
[BlackRD "83"]
[GameID "407224"]

1. Nf3 Nf6 2. c4 g6 3. Nc3 Bg7 4. g3 O-O 5. Bg2 d6 6. d4 Nbd7 7. O-O e5 8. h3 exd4 9. Nxd4 Re8 10. e4 Nc5
11. Re1 a5 12. Rb1 a4 13. Ndb5 Bd7 14. Bf4 Bxb5 15. cxb5 Nh5 16. Be3 a3 17. Bd4 axb2 18. Rxb2 Bxd4 19. Qxd4 Nf6 20. Rbe2 Nfd7
21. f4 Ra3 22. Qb4 Qa8 23. Kh2 Nd3
0-1

[Event "Winter Tournament 2016/17 1500-2400"]
[Site "SchemingMind.com"]
[Date "2016.11.28"]
[Round "-"]
[White "Janusz Szopa"]
[Black "fanfan_la_Tulipe"]
[Result "1-0"]
[WhiteCountry "POL"]
[BlackCountry "AUT"]
[WhiteElo "2124"]
[WhiteRD "80"]
[BlackElo "2049"]
[BlackRD "78"]
[GameID "407225"]

1. e4 e5 2. Nf3 Nc6 3. Bc4 Nf6 4. d4 exd4 5. O-O Nxe4 6. Re1 d5 7. Bxd5 Qxd5 8. Nc3 Qh5 9. Nxe4 Be6 10. Bg5 Bd6
11. Nxd6+ cxd6 12. Bf4 Qc5 13. c3 O-O 14. Nxd4 Nxd4 15. Be3 Qb5 16. Bxd4 Qxb2 17. Qd3 b6 18. a4 Qb3 19. Qg3 f6 20. a5 bxa5
21. Rxa5 Rf7 22. Qxd6 Bc4 23. f3 a6 24. Rc5 Bb5 25. c4 Ba4 26. Bf2 Qb8 27. Qd2 Rd7 28. Qa5 Bc2 29. Rc6 Rd6 30. Rxd6 Qxd6
31. c5 Qd5 32. h3 Bd3 33. Qc7 Qd8 34. Qxd8+ Rxd8 35. Rd1 Rd5 36. c6 Bc4 37. Rc1 Bb5 38. c7 Bd7 39. c8=Q+ Bxc8 40. Rxc8+ Kf7
41. Rc7+ Kg6 42. Ra7 Ra5 43. Bg3 h5 44. Bd6 Ra1+ 45. Kh2 Rb1 46. Bf8 Rb6 47. Rxg7+ Kf5 48. Rc7 Re6 49. Kg3 Re8 50. Bb4 Rg8+
51. Kf2 Rb8 52. Bc3 Rb6 53. g4+ hxg4 54. fxg4+ Kg6 55. h4 Rd6 56. h5+ Kg5 57. Rg7+ Kh6 58. Rg6+ Kh7 59. g5
1-0

[Event "Winter Tournament 2016/17 1500-2400"]
[Site "SchemingMind.com"]
[Date "2016.11.28"]
[Round "-"]
[White "Scooter"]
[Black "fanfan_la_Tulipe"]
[Result "0-1"]
[WhiteCountry "USA"]
[BlackCountry "AUT"]
[WhiteElo "1738"]
[WhiteRD "54"]
[BlackElo "2089"]
[BlackRD "76"]
[GameID "407240"]

1. d4 Nf6 2. Nf3 g6 3. Bf4 Bg7 4. e3 O-O 5. Be2 d5 6. O-O b6 7. Nbd2 Bb7 8. h3 Nbd7 9. c4 c5 10. cxd5 Nxd5
11. Bg3 Re8 12. dxc5 Bxb2 13. Rb1 Ba3 14. cxb6 Nc3
0-1

[Event "Winter Tournament 2016/17 1500-2400"]
[Site "SchemingMind.com"]
[Date "2016.11.28"]
[Round "-"]
[White "fanfan_la_Tulipe"]
[Black "Scooter"]
[Result "1-0"]
[WhiteCountry "AUT"]
[BlackCountry "USA"]
[WhiteElo "2089"]
[WhiteRD "76"]
[BlackElo "1738"]
[BlackRD "54"]
[GameID "407241"]

1. Nf3 Nf6 2. c4 g6 3. g3 Bg7 4. Bg2 O-O 5. O-O c5 6. Nc3 Re8 7. d4 cxd4 8. Nxd4 d6 9. e4 Nc6 10. Nc2 e5
11. h3 Qb6 12. Qxd6
1-0

[Event "Winter Tournament 2016/17 1500-2400"]
[Site "SchemingMind.com"]
[Date "2016.11.29"]
[Round "-"]
[White "Scooter"]
[Black "Janusz Szopa"]
[Result "0-1"]
[WhiteCountry "USA"]
[BlackCountry "POL"]
[WhiteElo "1738"]
[WhiteRD "54"]
[BlackElo "2021"]
[BlackRD "83"]
[GameID "407242"]

1. d4 Nf6 2. Nf3 g6 3. Bf4 Bg7 4. e3 O-O 5. Be2 Nh5 6. O-O Nxf4 7. exf4 c5 8. c3 cxd4 9. Nxd4 Nc6 10. Nxc6 bxc6
11. Nd2 d5 12. Nb3 a5 13. Nd4 Qc7 14. Rc1 Bh6 15. g3 e5
0-1

[Event "Winter Tournament 2016/17 1500-2400"]
[Site "SchemingMind.com"]
[Date "2016.11.29"]
[Round "-"]
[White "Janusz Szopa"]
[Black "Scooter"]
[Result "1-0"]
[WhiteCountry "POL"]
[BlackCountry "USA"]
[WhiteElo "2021"]
[WhiteRD "83"]
[BlackElo "1738"]
[BlackRD "54"]
[GameID "407243"]

1. e4 c6 2. d4 d5 3. Nc3 dxe4 4. Nxe4 Bf5 5. Ng3 Bg6 6. h4 h6 7. Nf3 Nd7 8. h5 Bh7 9. Bd3 Bxd3 10. Qxd3 Qc7
11. Bd2 O-O-O 12. c4 e6 13. b4 Bd6 14. Ne2 Ngf6 15. c5 Be7 16. Bf4 e5 17. Bg3 Ng4 18. Qf5
1-0

[Event "Winter Tournament 2016/17 1500-2400"]
[Site "SchemingMind.com"]
[Date "2016.11.29"]
[Round "-"]
[White "Scooter"]
[Black "Stephen Woodhouse"]
[Result "1/2-1/2"]
[WhiteCountry "USA"]
[BlackCountry "ENG"]
[WhiteElo "1738"]
[WhiteRD "54"]
[BlackElo "1890"]
[BlackRD "50"]
[GameID "407248"]

1. d4 e6 2. Nf3 f5 3. Bg5 Nf6 4. e3 Be7 5. Be2 O-O 6. O-O b6 7. Nbd2 Bb7 8. c4 Ne4 9. Bxe7 Qxe7 10. Nxe4 Bxe4
11. Bd3 Bxd3 12. Qxd3 d6 13. b4 a5 14. a3 Nd7 15. Rac1 axb4 16. axb4 e5 17. dxe5 Nxe5 18. Nxe5 Qxe5 19. Qd5+ Qxd5 20. cxd5 Ra7
21. Rc6 Rf7 22. Re1 Kf8 23. Rec1 Ke8 24. f4 Kd8 25. b5 Re7 26. Kf2 Re4 27. R6c4 Rxc4 28. Rxc4 Ra2+ 29. Kf3 Rb2 30. Ra4 Rxb5
31. Ra8+ Ke7 32. Rg8 Kf7 33. Rc8 Rc5 34. e4 Rc3+ 35. Kf2 fxe4 36. g3 b5 37. h4 b4 38. g4 Rc5 39. Ke3 b3 40. Rb8 Rxd5
41. Kxe4 Rc5 42. Rxb3 Ke6 43. f5+ Kd7 44. Rb8 Re5+ 45. Kd4 c5+ 46. Kd3 Kc7 47. Rg8 Re7 48. g5 Kd7 49. Rh8 c4+ 50. Kxc4 Re4+
51. Kd5 Re5+ 52. Kd4 Rxf5 53. Rxh7 Rf7 54. h5 Ke6 55. g6 Rf4+ 56. Ke3 Rh4 57. Rxg7 Rxh5 58. Rg8 Rg5=
1/2-1/2

[Event "Winter Tournament 2016/17 1500-2400"]
[Site "SchemingMind.com"]
[Date "2016.11.29"]
[Round "-"]
[White "Stephen Woodhouse"]
[Black "Scooter"]
[Result "1-0"]
[WhiteCountry "ENG"]
[BlackCountry "USA"]
[WhiteElo "1890"]
[WhiteRD "50"]
[BlackElo "1738"]
[BlackRD "54"]
[GameID "407249"]

1. e4 c6 2. d4 d5 3. e5 Bf5 4. Nc3 e6 5. g4 Bg6 6. Nge2 Nd7 7. h4 h6 8. Be3 Bb4 9. a3 Bxc3+ 10. Nxc3 Qc7
11. Bd3 Bxd3 12. Qxd3 O-O-O 13. O-O-O Ne7 14. f4 f5 15. Rdg1 g6 16. h5 gxh5 17. Rxh5 fxg4 18. Rxg4 Nf5 19. Ne2 Qa5 20. Bd2 Qc7
21. Ng3 Rdf8 22. Nxf5 Rxf5 23. Rxf5 exf5 24. Qxf5
1-0

[Event "Winter Tournament 2016/17 1500-2400"]
[Site "SchemingMind.com"]
[Date "2016.11.29"]
[Round "-"]
[White "fanfan_la_Tulipe"]
[Black "Stephen Woodhouse"]
[Result "1-0"]
[WhiteCountry "AUT"]
[BlackCountry "ENG"]
[WhiteElo "2089"]
[WhiteRD "76"]
[BlackElo "1890"]
[BlackRD "50"]
[GameID "407250"]

1. Nf3 e6 2. c4 f5 3. g3 Nf6 4. Bg2 Be7 5. O-O O-O 6. Nc3 Ne4 7. Nxe4 fxe4 8. Ne5 d5 9. b3 Bf6 10. Bb2 Nd7
11. d4 exd3 12. Nxd3 Bxb2 13. Nxb2 Qf6 14. Qc2 c6 15. Rad1 Nb6 16. e4 dxe4 17. Bxe4 e5 18. Bxh7+ Kh8 19. Be4 Bh3 20. Rfe1 Rad8
21. Qe2 g6 22. Qe3 Kg7 23. Rxd8 Rxd8 24. Rd1 Rxd1+ 25. Nxd1 Nc8 26. f3 Be6 27. Nf2 Bf5 28. Nd3 Nd6 29. Bxf5 Nxf5 30. Qxe5 Nd4
31. Qxf6+ Kxf6 32. Kf2 b6 33. Ke3 c5 34. f4 Kf5 35. h3 Nc2+ 36. Kf3 Nd4+ 37. Ke3 Nc2+ 38. Kd2 Nd4 39. Nf2 Ne6 40. Ke3 Nd4
41. g4+ Ke6 42. Ne4 Nc2+ 43. Kf3 Nd4+ 44. Kg3 Ne2+ 45. Kf3 Nd4+ 46. Kf2 Nc2 47. h4 Nb4 48. Nc3
1-0

[Event "Winter Tournament 2016/17 1500-2400"]
[Site "SchemingMind.com"]
[Date "2016.11.29"]
[Round "-"]
[White "Stephen Woodhouse"]
[Black "fanfan_la_Tulipe"]
[Result "0-1"]
[WhiteCountry "ENG"]
[BlackCountry "AUT"]
[WhiteElo "1890"]
[WhiteRD "50"]
[BlackElo "2089"]
[BlackRD "76"]
[GameID "407251"]

1. e4 e5 2. Nf3 Nc6 3. d4 exd4 4. Nxd4 Bc5 5. Nxc6 Qf6 6. Qf3 bxc6 7. Nc3 Qxf3 8. gxf3 Ne7 9. Be3 Bb6 10. Rg1 O-O
11. O-O-O d6 12. Bc4 Be6 13. Bb3 Bxb3 14. axb3 f5 15. Rg2 Bxe3+ 16. fxe3 fxe4 17. f4 d5 18. Rdg1 Rf7 19. Na4 Nf5 20. Kd2 g6
21. Rg4 d4 22. exd4 Nxd4 23. R1g3 Rd8 24. Ke3 Nf5+
0-1

[Event "Winter Tournament 2016/17 1500-2400"]
[Site "SchemingMind.com"]
[Date "2016.11.29"]
[Round "-"]
[White "Stephen Woodhouse"]
[Black "Janusz Szopa"]
[Result "0-1"]
[WhiteCountry "ENG"]
[BlackCountry "POL"]
[WhiteElo "1890"]
[WhiteRD "50"]
[BlackElo "2021"]
[BlackRD "83"]
[GameID "407252"]

1. e4 e6 2. d4 d5 3. Nd2 Nf6 4. e5 Nfd7 5. Bd3 c5 6. c3 Nc6 7. Ne2 cxd4 8. cxd4 f6 9. exf6 Nxf6 10. O-O Bd6
11. Nf3 O-O 12. Bg5 Qb6 13. Rc1 Bd7 14. b3 Rac8 15. Bb1 Ba3 16. Rc2 Bd6 17. Bh4 Ne4 18. Ng3 Rf4 19. Ne2 Rf7 20. Ng5 Nxg5
21. Bxg5 Rcf8 22. Bh4 Nb4 23. Rc1 Bb5 24. a3 Nc6 25. b4 g6 26. Re1 Bxe2 27. Qxe2 Qxd4 28. Bg3 Bxg3 29. hxg3 Qxf2+ 30. Qxf2 Rxf2
31. Rxe6 Nd4
0-1

[Event "Winter Tournament 2016/17 1500-2400"]
[Site "SchemingMind.com"]
[Date "2016.11.29"]
[Round "-"]
[White "Janusz Szopa"]
[Black "Stephen Woodhouse"]
[Result "1-0"]
[WhiteCountry "POL"]
[BlackCountry "ENG"]
[WhiteElo "2021"]
[WhiteRD "83"]
[BlackElo "1890"]
[BlackRD "50"]
[GameID "407253"]

1. e4 e6 2. d4 d5 3. Nc3 Nf6 4. Bg5 dxe4 5. Nxe4 Be7 6. Bxf6 Bxf6 7. Nf3 O-O 8. Bc4 Nd7 9. Qe2 b6 10. O-O-O Bb7
11. d5 exd5 12. Bxd5 Bxd5 13. Rxd5 Qe8 14. Rhd1 Rd8 15. Qc4 Qe7 16. Re1 Be5 17. Nc3 Qf6 18. Nxe5 Nxe5 19. Rdxe5 Qxf2 20. R5e2 Qd4
21. Qxc7 Qd6 22. Qxd6 Rxd6 23. Nb5 Rd5 24. Nxa7 Ra5 25. Nc8 Rxa2 26. Nxb6 g6 27. c4
1-0

[Event "Winter Tournament 2016/17 1500-2400"]
[Site "SchemingMind.com"]
[Date "2016.12.04"]
[Round "-"]
[White "Scooter"]
[Black "fu_manchu"]
[Result "1-0"]
[WhiteCountry "USA"]
[BlackCountry "CAN"]
[WhiteElo "1738"]
[WhiteRD "54"]
[BlackElo "1837"]
[BlackRD "72"]
[GameID "407447"]

1. d4 d5 2. Nf3 e6 3. Bf4 Nf6 4. e3 c5 5. Bb5+ Bd7 6. Bxd7+ Nbxd7 7. c3 Be7 8. O-O O-O 9. Nbd2 Nh5 10. Be5 f6
11. Bf4 Nxf4 12. exf4 Bd6 13. g3 c4 14. Re1 Re8 15. b3 Qc7 16. bxc4 dxc4 17. Qe2 Nb6 18. a4 a5 19. Ne4 Nd5 20. Nxd6 Qxd6
21. Qxc4 Rac8 22. Qb5 Rxc3 23. Qxe8+
1-0

[Event "Winter Tournament 2016/17 1500-2400"]
[Site "SchemingMind.com"]
[Date "2016.12.04"]
[Round "-"]
[White "fu_manchu"]
[Black "Scooter"]
[Result "0-1"]
[WhiteCountry "CAN"]
[BlackCountry "USA"]
[WhiteElo "1837"]
[WhiteRD "72"]
[BlackElo "1738"]
[BlackRD "54"]
[GameID "407448"]

1. d4 Nf6 2. c4 g6 3. Nc3 Bg7 4. e4 d6 5. Nf3 Bg4 6. Be2 O-O 7. h3 Bxf3 8. Bxf3 Nbd7 9. O-O e5 10. dxe5 Nxe5
11. Be2 Re8 12. f4 Nc6 13. Bf3 Nd7 14. Be3 Bxc3 15. bxc3 Nf6 16. Qc2 Na5 17. c5 Nc4 18. Bf2 dxc5 19. Bxc5 Nd2 20. Rf2 Ndxe4
21. Bxe4 Nxe4 22. Bd4 Nxf2 23. Qxf2 Qe7
0-1

[Event "Winter Tournament 2016/17 1500-2400"]
[Site "SchemingMind.com"]
[Date "2016.12.04"]
[Round "-"]
[White "fanfan_la_Tulipe"]
[Black "fu_manchu"]
[Result "1-0"]
[WhiteCountry "AUT"]
[BlackCountry "CAN"]
[WhiteElo "2049"]
[WhiteRD "78"]
[BlackElo "1876"]
[BlackRD "69"]
[GameID "407449"]

1. Nf3 d5 2. c4 c6 3. e3 Nf6 4. d4 Bg4 5. Nc3 e6 6. h3 Bh5 7. Qb3 Bxf3 8. Qxb7 Nbd7 9. gxf3 dxc4 10. Qxc6 Rc8
11. Qa4 a5 12. Bxc4 Bb4 13. Bd2 Rxc4 14. Qb5 Rc8 15. a3 Be7 16. Rg1 O-O 17. e4 Rb8 18. Qd3 Rxb2 19. Bh6 Nh5 20. f4 Bh4
21. Rg2 Bxf2+ 22. Kf1 Qb6 23. Na4 Qxd4 24. Nxb2 Nc5 25. Qxd4 Bxd4 26. Bg5 Rb8 27. Rd1 e5 28. fxe5 Ne6 29. Nc4 h6 30. Bxh6 Rc8
31. Nd6 Rc3 32. Nf5 Bxe5 33. Rd5 Rc1+ 34. Bxc1
1-0

[Event "Winter Tournament 2016/17 1500-2400"]
[Site "SchemingMind.com"]
[Date "2016.12.04"]
[Round "-"]
[White "fu_manchu"]
[Black "fanfan_la_Tulipe"]
[Result "0-1"]
[WhiteCountry "CAN"]
[BlackCountry "AUT"]
[WhiteElo "1876"]
[WhiteRD "69"]
[BlackElo "2049"]
[BlackRD "78"]
[GameID "407450"]

1. d4 Nf6 2. c4 g6 3. Nc3 d5 4. cxd5 Nxd5 5. e4 Nxc3 6. bxc3 Bg7 7. Bc4 O-O 8. Nf3 c5 9. O-O Nc6 10. Be3 Qc7
11. Rb1 Bg4 12. h3 Bxf3 13. Qxf3 cxd4 14. cxd4 Nxd4 15. Bxd4 Bxd4 16. Bb3 e6 17. Rfd1 Rfd8 18. Rdc1 Qe7 19. Qg3 Rdc8 20. Kh1 b5
21. f4 Qb7 22. Qd3 Qb6 23. f5 Rxc1+ 24. Rxc1 Rd8 25. Qe2 Kg7 26. fxe6 fxe6 27. Qg4 Re8 28. h4 a5 29. a4 b4 30. h5 Bf6
31. e5 Bxe5 32. Bc2 Qd4 33. Qxd4 Bxd4 34. Bd1 Bc3 35. Bf3 Rd8
0-1

[Event "Winter Tournament 2016/17 1500-2400"]
[Site "SchemingMind.com"]
[Date "2016.12.04"]
[Round "-"]
[White "fu_manchu"]
[Black "Stephen Woodhouse"]
[Result "0-1"]
[WhiteCountry "CAN"]
[BlackCountry "ENG"]
[WhiteElo "1867"]
[WhiteRD "69"]
[BlackElo "1924"]
[BlackRD "53"]
[GameID "407451"]

1. d4 e6 2. c4 f5 3. Nf3 Nf6 4. Nc3 Be7 5. e3 O-O 6. Bd3 b6 7. O-O Bb7 8. a4 a5 9. Qb3 Ne4 10. d5 Nxc3
11. bxc3 exd5 12. cxd5 d6 13. Nd4 Qd7 14. Nc6 Kh8 15. Nxe7 Qxe7 16. c4 Nd7 17. Qc2 Qg5 18. e4 Qh5 19. Bb2 fxe4 20. Bxe4 Rae8
21. f3 Ne5 22. g4 Qh6 23. Bxe5 Rxe5 24. Rae1 Bc8 25. Kg2 Bd7 26. Rh1 Qf4 27. Rhf1 h5 28. h3 h4 29. Kh1 Qg3 30. Qg2 Qxg2+
31. Kxg2 Bxa4 32. Bd3 Rxe1 33. Rxe1 Re8 34. Rxe8+ Bxe8 35. Kf2 g5 36. Ke2 Kg7 37. Ke3 Bg6 38. Bxg6 Kxg6 39. Kd3 Kf6 40. Kd4 a4
41. Kc3 Ke5
0-1

[Event "Winter Tournament 2016/17 1500-2400"]
[Site "SchemingMind.com"]
[Date "2016.12.04"]
[Round "-"]
[White "Stephen Woodhouse"]
[Black "fu_manchu"]
[Result "1-0"]
[WhiteCountry "ENG"]
[BlackCountry "CAN"]
[WhiteElo "1890"]
[WhiteRD "50"]
[BlackElo "1837"]
[BlackRD "72"]
[GameID "407452"]

1. e4 c5 2. c3 Nf6 3. e5 Nd5 4. d4 cxd4 5. Nf3 Nc6 6. cxd4 d6 7. Bc4 Nb6 8. Bb5 a6 9. Bxc6+ bxc6 10. O-O Bg4
11. h3 Bh5 12. Bf4 dxe5 13. dxe5 e6 14. Nc3 Nd5 15. Nxd5 exd5 16. Qa4 Bxf3 17. Qxc6+ Ke7 18. gxf3 h6 19. Be3 f6 20. e6 d4
21. Bxd4 Qxd4 22. Rfd1 Rd8 23. Rxd4 Rxd4 24. Qxa6 Rd6 25. Qc4 Rxe6 26. Qc7+ Ke8 27. Rd1 Re7 28. Rd8+ Kf7 29. Qc4+ Kg6 30. b4
1-0

[Event "Winter Tournament 2016/17 1500-2400"]
[Site "SchemingMind.com"]
[Date "2016.12.05"]
[Round "-"]
[White "fu_manchu"]
[Black "Janusz Szopa"]
[Result "0-1"]
[WhiteCountry "CAN"]
[BlackCountry "POL"]
[WhiteElo "1874"]
[WhiteRD "68"]
[BlackElo "2089"]
[BlackRD "80"]
[GameID "407453"]

1. e4 d6 2. d4 Nf6 3. Nc3 g6 4. f4 Bg7 5. Nf3 c5 6. dxc5 Qa5 7. Bd3 Qxc5 8. Qe2 O-O 9. Be3 Qa5 10. O-O Bg4
11. h3 Bxf3 12. Qxf3 Nc6 13. a3 Nd7 14. Qg4 Bxc3 15. bxc3 Rad8 16. Bd2 d5 17. e5 Nc5 18. Qe2 Ne4 19. Bxe4 dxe4 20. Rfd1 Qa4
21. Be1 f5 22. exf6 exf6 23. Rxd8 Rxd8 24. Bf2 f5 25. g4 Ne7 26. Bh4 Rd7 27. Bxe7 Rxe7 28. Rd1 e3 29. gxf5 Qxf4 30. Rd8+ Kg7
31. fxg6 Qg3+ 32. Kf1 hxg6 33. Qc4 Qf2#
0-1

[Event "Winter Tournament 2016/17 1500-2400"]
[Site "SchemingMind.com"]
[Date "2016.12.05"]
[Round "-"]
[White "Janusz Szopa"]
[Black "fu_manchu"]
[Result "1-0"]
[WhiteCountry "POL"]
[BlackCountry "CAN"]
[WhiteElo "2064"]
[WhiteRD "83"]
[BlackElo "1867"]
[BlackRD "69"]
[GameID "407454"]

1. e4 c6 2. d4 d5 3. Nc3 dxe4 4. Nxe4 Bf5 5. Ng3 Bg6 6. h4 h6 7. Nf3 Nd7 8. h5 Bh7 9. Bd3 Bxd3 10. Qxd3 Ngf6
11. Bf4 e6 12. O-O Be7 13. c4 O-O 14. Rfd1 Nb6 15. Ne5 c5 16. Qf3 Qc8 17. dxc5 Bxc5 18. Bxh6 Qc7 19. Bxg7 Kxg7 20. h6+ Kh7
21. Qxf6 Rg8 22. Ne4 Be7 23. Qxf7+ Kxh6 24. Rd3
1-0

[Event "Winter Tournament 2016/17 1500-2400"]
[Site "SchemingMind.com"]
[Date "2016.12.09"]
[Round "-"]
[White "Scooter"]
[Black "greghghs"]
[Result "0-1"]
[WhiteCountry "USA"]
[BlackCountry "ENG"]
[WhiteElo "1738"]
[WhiteRD "54"]
[BlackElo "2111"]
[BlackRD "67"]
[GameID "407684"]

1. d4 Nf6 2. Nf3 g6 3. Bf4 Bg7 4. e3 O-O 5. Be2 b6 6. O-O Bb7 7. Nbd2 d6 8. c4 Nbd7 9. Rc1 c5 10. d5 Nh5
11. b3 Nxf4 12. exf4 Nf6 13. Qc2 e6 14. dxe6 fxe6 15. Ng5 Qd7 16. Rfe1 Rae8 17. Bg4 Nxg4 18. g3 Nh6 19. Re2 Nf5 20. Ndf3 Nd4
21. Nxd4 Bxd4 22. Rce1 e5 23. fxe5 Qg4 24. Qe4 Bxe4
0-1

[Event "Winter Tournament 2016/17 1500-2400"]
[Site "SchemingMind.com"]
[Date "2016.12.09"]
[Round "-"]
[White "greghghs"]
[Black "Scooter"]
[Result "1-0"]
[WhiteCountry "ENG"]
[BlackCountry "USA"]
[WhiteElo "2111"]
[WhiteRD "67"]
[BlackElo "1738"]
[BlackRD "54"]
[GameID "407685"]

1. d4 Nf6 2. c4 g6 3. Nc3 Bg7 4. e4 d6 5. Nf3 O-O 6. Be2 Bg4 7. Be3 Bxf3 8. Bxf3 Nbd7 9. Rc1 e5 10. d5 Re8
11. O-O a6 12. b4 Nb6 13. Be2 c6 14. dxc6 bxc6 15. a3 Nc8 16. Qd2 a5 17. b5 c5 18. Rfd1 Bf8 19. Bxc5 Na7 20. Bxd6
1-0

[Event "Winter Tournament 2016/17 1500-2400"]
[Site "SchemingMind.com"]
[Date "2016.12.10"]
[Round "-"]
[White "fanfan_la_Tulipe"]
[Black "greghghs"]
[Result "0-1"]
[WhiteCountry "AUT"]
[BlackCountry "ENG"]
[WhiteElo "2062"]
[WhiteRD "80"]
[BlackElo "2235"]
[BlackRD "60"]
[GameID "407686"]

1. Nf3 Nf6 2. c4 g6 3. g3 Bg7 4. Bg2 d5 5. cxd5 Nxd5 6. d4 Nb6 7. O-O Nc6 8. e3 O-O 9. Nc3 e5 10. d5 Nb4
11. e4 c6 12. a3 Na6 13. dxc6 bxc6 14. Qc2 Qe7 15. Na4 Nxa4 16. Qxa4 Nc5 17. Qb4 a5 18. Qc3 Nxe4 19. Qxc6 Bb7 20. Qa4 Nc5
21. Qc2 Rfc8 22. Bg5 Qe6 23. Rad1 e4 24. Nd4 Bxd4 25. Rxd4 Nb3 26. Qd1 Nxd4 27. Qxd4 Rc4 28. Qf6 Rc6 29. Qd4 Rd6 30. Qc3 Rc8
31. Qxa5 Rd5 32. Qa7 Ba6 33. Be3 Rcd8
0-1

[Event "Winter Tournament 2016/17 1500-2400"]
[Site "SchemingMind.com"]
[Date "2016.12.10"]
[Round "-"]
[White "greghghs"]
[Black "fanfan_la_Tulipe"]
[Result "1/2-1/2"]
[WhiteCountry "ENG"]
[BlackCountry "AUT"]
[WhiteElo "2176"]
[WhiteRD "60"]
[BlackElo "2071"]
[BlackRD "78"]
[GameID "407687"]

1. d4 Nf6 2. c4 g6 3. Nc3 d5 4. cxd5 Nxd5 5. e4 Nxc3 6. bxc3 Bg7 7. Bc4 c5 8. Ne2 O-O 9. O-O Nc6 10. Be3 Qc7
11. Rc1 Rd8 12. Qd2 a6 13. Bh6 b5 14. Bd5 e6 15. Bxg7 Kxg7 16. Bxc6 Qxc6 17. Qf4 Bb7 18. f3 Rac8 19. Rfd1 c4 20. Rb1 Qc7
21. Qxc7 Rxc7 22. Kf2 Bc6 23. h4 h5 24. e5 Rb7=
1/2-1/2

[Event "Winter Tournament 2016/17 1500-2400"]
[Site "SchemingMind.com"]
[Date "2016.12.10"]
[Round "-"]
[White "fu_manchu"]
[Black "greghghs"]
[Result "0-1"]
[WhiteCountry "CAN"]
[BlackCountry "ENG"]
[WhiteElo "1867"]
[WhiteRD "69"]
[BlackElo "2176"]
[BlackRD "60"]
[GameID "407688"]

1. d4 d5 2. c4 c6 3. Nf3 Nf6 4. Nc3 e6 5. e3 a6 6. Bd3 dxc4 7. Bxc4 b5 8. Bb3 c5 9. O-O Bb7 10. Qe2 Nbd7
11. Bd2 Bd6 12. Bc2 O-O 13. dxc5 Bxc5 14. e4 Qc7 15. Rac1 Rac8 16. e5 Bxf3 17. Qxf3 Nxe5 18. Qe2 Neg4 19. g3 Qe5 20. Qf3 Rfd8
21. Rcd1 Qh5 22. Qg2 b4 23. Ne4 Nxe4 24. Bxe4 Nxf2
0-1

[Event "Winter Tournament 2016/17 1500-2400"]
[Site "SchemingMind.com"]
[Date "2016.12.10"]
[Round "-"]
[White "greghghs"]
[Black "fu_manchu"]
[Result "1-0"]
[WhiteCountry "ENG"]
[BlackCountry "CAN"]
[WhiteElo "2176"]
[WhiteRD "60"]
[BlackElo "1867"]
[BlackRD "69"]
[GameID "407689"]

1. d4 Nf6 2. c4 g6 3. Nc3 Bg7 4. e4 d6 5. Nf3 O-O 6. Be2 e5 7. O-O Nc6 8. d5 Ne7 9. b4 a5 10. Ba3 axb4
11. Bxb4 Bd7 12. a4 c5 13. dxc6 Nxc6 14. Bxd6 Ne8 15. Bxf8 Bxf8 16. Qd2 Bg7 17. a5 Nd4 18. Nxd4 exd4 19. Nd5 d3 20. Bxd3 Bxa1
21. Rxa1 Ng7 22. Qc3 Bc6 23. g3 Bxd5 24. exd5 Ne8 25. Qb4 Rb8 26. Rb1 Nc7 27. Qb6 Na6 28. Be4 Qxb6 29. Rxb6 Nc5 30. Bf3 Nd7
31. Rb5 Kf8 32. d6
1-0

[Event "Winter Tournament 2016/17 1500-2400"]
[Site "SchemingMind.com"]
[Date "2016.12.09"]
[Round "-"]
[White "Stephen Woodhouse"]
[Black "greghghs"]
[Result "1/2-1/2"]
[WhiteCountry "ENG"]
[BlackCountry "ENG"]
[WhiteElo "1890"]
[WhiteRD "50"]
[BlackElo "2111"]
[BlackRD "67"]
[GameID "407690"]

1. e4 e5 2. Nf3 Nc6 3. d4 exd4 4. Nxd4 Nf6 5. Nc3 Bb4 6. Nxc6 bxc6 7. Bd3 O-O 8. O-O d5 9. exd5 cxd5 10. Bg5 c6
11. Qf3 Be7 12. h3 h6 13. Bh4 Rb8 14. b3 Rb4 15. Bg3 Bd6 16. Rfe1 Qc7 17. Ne2 Bxg3 18. Nxg3 Rf4 19. Qe3 Be6 20. Ne2 Rb4
21. a3 Rbb8 22. Nd4 Bd7 23. Nf5=
1/2-1/2

[Event "Winter Tournament 2016/17 1500-2400"]
[Site "SchemingMind.com"]
[Date "2016.12.09"]
[Round "-"]
[White "greghghs"]
[Black "Stephen Woodhouse"]
[Result "1-0"]
[WhiteCountry "ENG"]
[BlackCountry "ENG"]
[WhiteElo "2111"]
[WhiteRD "67"]
[BlackElo "1890"]
[BlackRD "50"]
[GameID "407691"]

1. d4 e6 2. c4 f5 3. g3 Nf6 4. Bg2 Be7 5. Nf3 O-O 6. O-O Ne4 7. b3 Bf6 8. Bb2 d6 9. Nbd2 Nxd2 10. Qxd2 Qe7
11. Rfe1 Nd7 12. e4 fxe4 13. Rxe4 Qf7 14. Rae1 Nb6 15. R4e2 Bd7 16. Ng5 Bxg5 17. Qxg5 Rae8 18. Bxb7 e5 19. dxe5 Rxe5 20. Bxe5 dxe5
21. Qxe5 Bg4 22. f3 Bxf3 23. Rf2
1-0

[Event "Winter Tournament 2016/17 1500-2400"]
[Site "SchemingMind.com"]
[Date "2016.12.10"]
[Round "-"]
[White "greghghs"]
[Black "Janusz Szopa"]
[Result "1-0"]
[WhiteCountry "ENG"]
[BlackCountry "POL"]
[WhiteElo "2235"]
[WhiteRD "60"]
[BlackElo "2089"]
[BlackRD "80"]
[GameID "407692"]

1. d4 Nf6 2. c4 g6 3. Nc3 Bg7 4. e4 d6 5. Nf3 O-O 6. Be2 Nbd7 7. O-O e5 8. Be3 c6 9. d5 c5 10. Ne1 Ne8
11. Nd3 f5 12. f4 b6 13. Qd2 g5 14. g3 gxf4 15. gxf4 Qe7 16. exf5 e4 17. Nf2 Ndf6 18. Kh1 Bxf5 19. Rg1 Kh8 20. Rg2 Nc7
21. Rag1 Rg8 22. h3 h6 23. Bg4 Bh7 24. f5 Rae8 25. Nfd1 h5 26. Be2 b5 27. cxb5 Qd7 28. Bg5 Ref8 29. Ne3 Bxf5 30. Bxf6 Rxf6
31. Nxf5 Qxf5 32. Qe3 Qe5 33. Rg5 Rf5 34. Rxf5 Qxf5 35. Rg5 Bd4 36. Qxd4+ cxd4 37. Rxf5 dxc3 38. Rxh5+ Kg7 39. Rg5+ Kf8 40. Rxg8+ Kxg8
41. bxc3 Kg7 42. c4 Kf6 43. a4 Ke5 44. a5 Kd4 45. Kg2 Ke3 46. Kf1 Kd4 47. Kf2
1-0

[Event "Winter Tournament 2016/17 1500-2400"]
[Site "SchemingMind.com"]
[Date "2016.12.10"]
[Round "-"]
[White "Janusz Szopa"]
[Black "greghghs"]
[Result "1/2-1/2"]
[WhiteCountry "POL"]
[BlackCountry "ENG"]
[WhiteElo "2089"]
[WhiteRD "80"]
[BlackElo "2235"]
[BlackRD "60"]
[GameID "407693"]

1. e4 e5 2. Nf3 Nc6 3. Bc4 Nf6 4. d4 exd4 5. O-O d6 6. Nxd4 Be7 7. Nc3 O-O 8. h3 a6 9. Nxc6 bxc6 10. Be3 Be6
11. Bd3 d5 12. e5 Nd7 13. f4 f5 14. Na4 c5 15. c3 Kh8 16. b3 c6 17. Qe2 Qa5 18. Rab1 Qc7 19. Qf2 c4 20. Bc2 cxb3
21. axb3 c5 22. Ra1 Rg8 23. Rfd1 g5 24. fxg5 Bxg5 25. Bxc5 Nxc5 26. Nxc5 Bc8 27. Re1 Qg7 28. Re2 f4 29. Kh1 Be7 30. b4 Qg3
31. Nd3 f3 32. Qxf3 Qxf3 33. gxf3 Rg3 34. Nf4 Bb7 35. Rf1 Rc8 36. Kh2 Rgg8 37. Bb3 Rxc3 38. Bxd5 Bg5 39. Bxb7 Bxf4+ 40. Kh1 Rg3
41. h4 Rh3+ 42. Kg1 Rc7 43. Bxa6 Rg7+ 44. Kf2 Ra7 45. b5 Rh2+ 46. Ke1 Bg3+ 47. Kd2 Bf4+ 48. Kd3 Rd7+=
1/2-1/2